000 00305nam a22001457a 4500
008 230524b ||||| |||| 00| 0 eng d
020 _a9782253146711
041 _aFRA
080 _a82
082 _a82FRA
100 _a38
101 _aGJL
245 _aENCORE UNE DANSE
_cPANCOL.K
942 _2udc
_cBK
999 _c59806
_d59806